000 00841cab a2200265 4500
001 WB3314-53
008 090401t1997 xxu||||| |||| 00| 0 eng d
035 _a(Sirsi) u77673
041 _aeng
245 _aLand classification change urged
260 _c1997
350 _a0
490 _aFarming News
_v4 April 1997, 4(1)
520 _aThe Countryside Commission is recommending that the agricultural land classification system should no longer be used as a yardstick for judging planning applications. See also WB3314-36.
650 _aAGRICULTURAL LAND CLASSIFICATION
650 _aCOUNTRYSIDE COMMISSION
650 _aHOUSEHOLD PROJECTIONS
650 _aLAND DEVELOPMENT
650 _aPLANNING APPLICATIONS
650 _aRURAL AREAS
650 _aSOIL QUALITY
690 _aLAND
942 _n0
948 _c09/04/1997
999 _c48825
_d48825